Pays commençant par B - Statistiques

Statistiques générales
  • Ce quiz a été pris 115 fois
  • Le résultat moyen est 13 sur 18
Statistiques - réponses
Réponse % Correct
Belgique
97%
Bolivie
91%
Bhoutan
86%
Brésil
82%
Birmanie
80%
Bangladesh
78%
Bénin
76%
Biélorussie
74%
Bulgarie
73%
Bahamas
72%
Bosnie-Herzégovine
71%
Botswana
70%
Bahreïn
68%
Belize
67%
Burkina Faso
64%
Burundi
63%
Barbade
59%
Brunei
59%
Aucun quiz correspondant
Distribution des résultats
% des personnes avec chaque résultat
Percentile par nombre de réponses
Votre historique - résultats
Vous n’avez pas pris ce quiz